Presidents With The Lowest Approval Rate - Statistics

General Stats
  • This quiz has been taken 90 times
  • The average score is 4 of 5
Answer Stats
Percentage President % Correct
24% Richard Nixon
95%
29% George H.W. Bush
93%
25% George W. Bush
93%
28% Jimmy Carter
85%
22% Harry Truman
61%
No matching quizzes found
Score Distribution
Percent of People with Each Score
Percentile by Number Answered
Your Score History
You have not taken this quiz